Urbanizmus. 2, uspořádání vesnic a krajiny /

Gespeichert in:
Bibliographische Detailangaben
1. Verfasser: Sýkora, Jaroslav 1932- (VerfasserIn)
Format: Buch
Sprache:Tschechisch
Veröffentlicht: Praha : České vysoké učení technické v Praze, 2009
Ausgabe:3. vyd.
Schlagworte:
ISBN:9788001044797
Online-Zugang: Volltext
Tags: Tag hinzufügen
Keine Tags, Fügen Sie den ersten Tag hinzu!

MARC

LEADER 00000nam a2200000 4500
003 SK-BrCVT
005 20220621162645.0
008 100324s2009 xr e ||||||cze d
020 |a 9788001044797 
035 |a CVTIDW1523821 
040 |b slo  |a CVTI SR  |e AACR2 
041 0 |a cze 
044 |a xr 
080 |a 71  |2 UDC-MRF 
100 1 |a Sýkora, Jaroslav  |d 1932-,  |4 aut 
245 1 0 |a Urbanizmus.  |n 2,  |p uspořádání vesnic a krajiny /  |c Jaroslav Sýkora 
250 |a 3. vyd. 
260 |a Praha :  |b České vysoké učení technické v Praze,  |c 2009 
300 |a 226 s. :  |b lit., obr., tab. ; 
500 |a Fakulta stavební 
653 1 |a vývoj dediny  |a vývoj mesta  |a vývoj kraja  |a územné plánovanie  |a obytná výstavba  |a občianska vybavenosť  |a poľnohospodárska stavba  |a inžinierska sieť  |a poľnohospodárska pôda  |a vodné hospodárstvo  |a rekultivácia  |a verejný záujem 
910 |a BA002  |b S610415 
919 |a 978-80-01-04479-7 
974 |f Knihy 
992 |a ASK 
999 |c 151728  |d 151728